Robert Oppenheimer: the man and his theories
সংরক্ষণ করুন:
| প্রধান লেখক: | |
|---|---|
| বিন্যাস: | গ্রন্থ |
| ভাষা: | ইংরেজি |
| প্রকাশিত: |
Greenwich
Fawcett Publiscations
1965
|
| সংস্করন: | 1a. ed |
| মালা: | Premier Profiles in Science Series
|
| বিষয়গুলি: | |
| ট্যাগগুলো: |
ট্যাগ যুক্ত করুন
কোনো ট্যাগ নেই, প্রথমজন হিসাবে ট্যাগ করুন!
|
MARC
| LEADER | 00000nam a2200000 a 4500 | ||
|---|---|---|---|
| 001 | UCH1133 | ||
| 003 | CL-VaPUC | ||
| 008 | 090409e19650000US |||||||||||||||||eng|d | ||
| 082 | 0 | 4 | |a 925.2 |b ROU |2 21 |
| 100 | 0 | |a Rouzé, Michel |e author |9 535477 | |
| 245 | 1 | 0 | |a Robert Oppenheimer: the man and his theories |
| 250 | |a 1a. ed | ||
| 300 | |a 192 p | ||
| 942 | |c BK | ||
| 945 | |d 20090409 00:00:00 |a rbrito | ||
| 260 | |a Greenwich |b Fawcett Publiscations |c 1965 | ||
| 600 | 0 | 7 | |a OPPENHEIMER, ROBERT |2 CL-VaPUC |9 535478 |
| 650 | 0 | |a Biografías |9 255210 | |
| 650 | 7 | |a FISICOS |2 CL-VaPUC |9 263707 | |
| 650 | 7 | |a BOMBA ATOMICA |2 CL-VaPUC |9 391777 | |
| 650 | 0 | |a Mecánica cuántica |9 306806 | |
| 650 | 7 | |a URANIO |2 CL-VaPUC |9 371227 | |
| 650 | 0 | |a Científicos |9 262025 | |
| 583 | |a last modification |c 20090409 00:00:00 |k Rodrigo Vera | ||
| 490 | 0 | |a Premier Profiles in Science Series | |
| 999 | |c 333208 |d 333206 | ||
| 952 | |0 0 |1 0 |4 0 |6 925_200000000000000_ROU_1965 |7 0 |8 A |9 421423 |a BIBCUR |b BIBCUR |d 2019-11-22 |i 4532597 |l 1 |o 925.2 ROU 1965 |p 4532597 |r 2025-04-22 |s 2025-03-14 |w 2019-11-22 |y BK |k FIS | ||